Statystyki dla Wszyscy austriaccy skoczkowie narciarscy w historii

Kliknij tutaj aby rozwiązać quiz!

Ogólne statystyki

  • Ten quiz został rozwiązany 22 razy
  • Średni wynik to 43 z 183

Statystyki odpowiedzi

Odpowiedź% Poprawnych
Thomas Morgenstern
100%
Wolfgang Loitzl
100%
Andreas Kofler
90%
Gregor Schlierenzauer
90%
Manuel Fettner
90%
Michael Haybock
90%
Nicolas Fettner
90%
Stefan Haybock
90%
Stefan Kraft
90%
Bjorn Koch
80%
Daniel Huber
80%
Fritz Koch
80%
Klaus Huber
80%
Martin Koch
80%
Stefan Huber
80%
Andreas Goldberger
70%
Andreas Widholzl
70%
Martin Hollwarth
70%
Armin Kogler
60%
Clemens Aigner
60%
Franz Aschenwald
60%
Heinz Kuttin
60%
Philipp Aschenwald
60%
Stefan Horngacher
60%
Stefan Thurnbichler
60%
Thomas Diethart
60%
Thomas Thurnbichler
60%
Christoph Muller
50%
Clemens Leitner
50%
Hubert Neuper
50%
Jan Horl
50%
Jonas Schuster
50%
Lukas Muller
50%
Manuel Poppinger
50%
Mario Innauer
50%
Markus Muller
50%
Markus Schiffner
50%
Peter Muller
50%
Roland Muller
50%
Thomas Horl
50%
Toni Innauer
50%
Werner Schuster
50%
Alexander Pointner
40%
Daniel Lackner
40%
Daniel Tschofenig
40%
Ernst Vettori
40%
Florian Liegl
40%
Thomas Lackner
40%
Ulrich Wohlgenannt
40%
Alexander Stockl
30%
Andreas Felder
30%
Bastian Kaltenbock
30%
Bernhard Zauner
30%
Christoph Kreuzer
30%
David Unterberger
30%
David Zauner
30%
Elias Medwed
30%
Florian Altenburger
30%
Gerhard Hofer
30%
Janni Reisenauer
30%
Josef Bradl
30%
Manfred Steiner
30%
Marco Worgotter
30%
Markus Steiner
30%
Maximilian Steiner
30%
Reinhard Schwarzenberger
30%
Stefan Rainer
30%
Thomas Hofer
30%
Timon-Pascal Kahofer
30%
Alois Lipburger
20%
Arthur Pauli
20%
Balthasar Schneider
20%
Christian Nagiller
20%
Elias Tollinger
20%
Ingemar Mayr
20%
Jakob Steinberger
20%
Julijan Smid
20%
Markus Eggenhofer
20%
Markus Rupitsch
20%
Maximilian Ortner
20%
Niklas Bachlinger
20%
Peter Resinger
20%
Stefan Kaiser
20%
Stephan Embacher
20%
Werner Rathmayr
20%
Andreas Baumgartner
10%
Andreas Mitter
10%
Andreas Strolz
10%
Andre Fussenegger
10%
Bernhard Metzler
10%
Christoph Stauder
10%
David Haagen
10%
Fabian Ebenhoch
10%
Francisco Morth
10%
Gerhard Schallert
10%
Hans Wallner
10%
Harald Rodlauer
10%
Johannes Polz
10%
Karl-Heinz Dorner
10%
Martin Zimmermann
10%
Mathias Hafele
10%
Matthias Wallner
10%
Maximilian Lienher
10%
Mika Schwann
10%
Patrick Streitler
10%
Paul Ausserleitner
10%
Raffael Zimmermann
10%
Richard Schallert
10%
Rudolf Dietrich
10%
Simon Greiderer
10%
Wilfried Eberharter
10%
Adolf Grugger
0%
Adolf Hirner
0%
Albin Plank
0%
Alexander Diess
0%
Alexander Seiwald
0%
Alfred Groyer
0%
Alfred Lengauer
0%
Andi Rauschmeier
0%
Andreas Beck
0%
Baldur Preiml
0%
Christian Mozer
0%
Christian Reinthaler
0%
Christian Samitz
0%
Christoph Lenz
0%
Christoph Strickner
0%
David Fallmann
0%
Edi Federer
0%
Elias Pfannenstil
0%
Ernst Hohenegg
0%
Ernst Kroll
0%
Falko Krismayr
0%
Ferdl Kerber
0%
Florian Schabereiter
0%
Franz Gabl
0%
Franz Neulander
0%
Franz Wiegele
0%
Fritz Esser
0%
Gebhard Aberer
0%
Gerald Wambacher
0%
Gerhard Gattinger
0%
Gunter Schoffmann
0%
Gunther Stranner
0%
Hans Mariacher
0%
Hans Millonig
0%
Harald Bosio
0%
Harald Paumgarten
0%
Hellmut Lantschner
0%
Herwih Millonig
0%
Johannes Obermayr
0%
Josef Ritzer
0%
Julian Wienerroither
0%
Karl Schnabl
0%
Klaus Tuchscherer
0%
Louis Obersteiner
0%
Lukas Dilitz
0%
Mario Mendel
0%
Markus Eigentler
0%
Max Golser
0%
Maximilian Schmalnauer
0%
Michael Falkensteiner
0%
Michael Kury
0%
Oliver Strohmaier
0%
Otto Leodolter
0%
Paul Erat
0%
Raimund Resch
0%
Reinhard Eberl
0%
Reinhold Bachler
0%
Richard Foldl
0%
Roland Wakolm
0%
Rudolf Rieger
0%
Rudolf Schweinberger
0%
Rudolf Wanner
0%
Rupert Gurtler
0%
Rupert Hirner
0%
Sepp Lichtenegger
0%
Thomas Kuglitsch
0%
Walter Habersatter
0%
Walter Steinegger
0%
Werner Heim
0%
Werner Schernthaner
0%
Willi Egger
0%
Willi Purstl
0%

Rozkład punktacji

Percentyl według liczby udzielonych odpowiedzi

Procent ludzi z każdym wynikiem

Twoja historia wyników

Nie rozwiązałeś tego quizu